Tous les Personnages de la saga Harry Potter - Statistiques

Statistiques générales
  • Ce quiz a été pris 1 534 fois
  • Le résultat moyen est 72 sur 371
Statistiques - réponses
Numéro Nom % Correct
246 Harry Potter
91%
332 Ron Weasley
78%
139 Hermione Granger
77%
97 Albus Dumbledore
65%
328 Molly Weasley
64%
321 Fred Weasley
63%
324 Ginny Weasley
62%
323 George Weasley
61%
247 James Potter
61%
260 Severus Rogue
56%
35 Sirius Black
56%
249 Lily Potter
55%
199 Minerva McGonagall
54%
331 Percy Weasley
54%
319 Charlie Weasley
53%
207 Drago Malefoy
52%
193 Remus Lupin
52%
81 Fleur Delacour
51%
191 Luna Lovegood
51%
190 Neville Londubat
51%
180 Bellatrix Lestrange
50%
9 Dobby
50%
154 Rubeus Hagrid
50%
16 Hedwige
49%
208 Lucius Malefoy
49%
209 Narcissa Malefoy
49%
96 Abelforth Dumbledore
47%
5 Buck
46%
87 Cédric Diggory
46%
103 Dudley Dursley
46%
24 Pattenrond
46%
105 Pétunia Dursley
46%
106 Vernon Dursley
46%
60 Cho Chang
45%
229 Dolores Ombrage
44%
298 Nymphadora Tonks
44%
212 Alastor Maugrey
43%
1 Aragog
43%
177 Viktor Krum
43%
314 Voldemort
43%
192 Xenophilius Lovegood
43%
86 Amos Diggory
42%
234 Peter Pettigrow
42%
62 Pomona Chourave
42%
121 Filius Flitwick
41%
19 Kreattur
41%
295 Dean Thomas
40%
82 Gabrielle Delacour
40%
1 Hannah Abbot
40%
117 Seamus Finnigan
40%
66 Vincent Crabbe
40%
151 Godric Gryffondor
39%
136 Gregory Goyle
39%
49 Lavande Brown
39%
22 Nagini
39%
275 Rowena Serdaigle
39%
163 Tom Jedusor
39%
188 Alice Londubat
38%
11 Firenze
38%
186 Gilderoy Lockhart
38%
231 Padma Patil
38%
245 Albus Severus Potter
37%
165 Angelina Johnson
37%
269 Argus Rusard
37%
7 Crockdur
37%
8 Croûtard
37%
189 Franck Londubat
37%
251 Helga Poufsouffle
37%
282 Horace Slughorn
37%
23 Katie Bell
37%
223 Nick Quasi-sans-tête
37%
232 Parvati Patil
37%
276 Salazar Serpentard
37%
68 Colin Crivey
36%
6 Coquecigrue
36%
10 Errol
36%
23 Norbert
36%
94 Olivier Dubois
36%
213 Olympe Maxime
36%
55 Alecto Carrow
35%
56 Amycus Carrow
35%
230 Pansy Parkinson
35%
257 Quirinus Quirrell
35%
248 James Sirius Potter
34%
29 Renée Bibine
34%
29 Winky
34%
17 Baron Sanglant
33%
250 Lily Luna Potter
33%
27 Touffu
33%
12 Fumseck
32%
142 Graup
32%
244 Poppy Pomfresh
32%
303 Sibylle Trelawney
32%
342 Blaise Zabini
31%
216 Mimi Geignarde
31%
26 Miss Teigne
31%
25 Peeves
31%
194 Teddy Lupin
31%
3 Bane
30%
168 Lee Jordan
30%
299 Ted Tonks
30%
297 Andromeda Tonks
29%
187 Augusta Londubat
29%
69 Dennis Crivey
29%
147 Fenrir Greyback
29%
274 Helena Serdaigle
29%
280 Rita Skeeter
29%
91 Antonin Dolohov
28%
2 Arnold
28%
300 Bathilda Tourdesac
28%
14 Gripsec
28%
185 Rodolphus Lestrange
28%
149 Gellert Grindelwald
27%
217 Le Moine Gras
27%
128 Merope Gaunt
27%
210 Scorpius Malefoy
27%
41 Amelia Bones
26%
17 Hermès
26%
150 La Grosse Dame
26%
119 Mondingus Fletcher
26%
43 Susan Bones
26%
28 Trevor
26%
202 Ernie Macmillan
25%
228 Garrick Ollivander
25%
101 Kendra Dumbledore
25%
92 Norbert Dragonneau
25%
102 Perceval Dumbledore
25%
33 Phineas Nigellus Black
25%
335 Victoire Weasley
25%
279 Aurora Sinistra
24%
53 Charity Burbage
24%
90 Elphias Doge
24%
74 La Dame Grise
24%
30 Cuthbert Binns
23%
129 Morfin Gaunt
23%
32 Orion Black
23%
272 Rufus Scrimgeour
23%
241 Irma Pince
22%
89 Armando Dippet
21%
144 Astoria Greengrass
21%
317 Bilius Weasley
21%
201 Cormac McLaggen
21%
120 Marcus Flint
21%
184 Rabastan Lestrange
21%
140 Rose Granger-Weasley
21%
259 Stan Rocade
21%
320 Dominique Weasley
20%
141 Hugo Granger-Weasley
20%
52 Millicent Bulstrode
20%
333 Roxanne Weasley
20%
36 Walburga Black
20%
132 Anthony Goldstein
19%
85 Dedalus Diggle
19%
326 Lucy Weasley
19%
118 Nicolas Flamel
19%
80 Pénélope Deauclaire
19%
34 Regulus Arcturus Black
19%
285 Zacharias Smith
19%
72 Bartemius Croupton Jr.
18%
51 Franck Bryce
18%
18 Hokey
18%
237 Ignotus Peverell
18%
325 Louis Weasley
18%
64 Michael Corner
18%
307 Romilda Vane
18%
261 Tobias Rogue
18%
16 Barjow
17%
73 Bartemius Croupton Sr.
17%
311 Ludovic Verpey
17%
330 Muriel Weasley
17%
308 Septima Vector
17%
252 Fabian Prewett
16%
253 Gideon Prewett
16%
131 Wilhelmina Gobe-Planche
16%
169 Bertha Jorkins
15%
4 Bogrod
15%
145 Daphné Greengrass
15%
284 Hepzibah Smith
15%
109 Lily Evans
15%
28 Caractacus Beurk
14%
160 Mafalda Hopkrik
14%
20 Magorian
14%
76 Roger Davies
14%
268 Albert Runcorn
13%
15 Bathsheba Babbling
13%
236 Cadmus Peverell
13%
306 Emmeline Vance
13%
122 Florian Fortarôme
13%
167 Hestia Jones
13%
116 Justin Finch-Fletchley
13%
183 Leta Lestrange
13%
22 Marcus Belby
13%
107 Marietta Edgecombe
13%
266 Rosmerta
13%
262 Augustus Rookwood
12%
70 Bertie Crochue
12%
146 Gregorovitch
12%
8 Algie
11%
235 Antioch Peverell
11%
98 Ariane Dumbledore
11%
14 Avery Jr.
11%
13 Avery Sr.
11%
20 Beedle le Barde
11%
84 Dilys Derwent
11%
127 Elvis Marvolo Gaunt
11%
75 Ernie Danlmur
11%
152 Guipure
11%
134 Queenie Goldstein
11%
50 Silvanus Brûlopot
11%
242 Sturgis Podmore
11%
133 Tina Goldstein
11%
226 Bob Ogden
10%
24 Croyance Bellebosse
10%
42 Edgar Bones
10%
2 Euan Abercrombie
10%
57 Reginal Cattermole
10%
4 Agnès
9%
9 Archie
9%
10 Arcus
9%
99 Aurelius Dumbledore
9%
65 Crabbe Sr.
9%
67 Dirk Cresswell
9%
15 Gornuk
9%
78 John Dawlish
9%
25 Mary Lou Bellebosse
9%
243 Piers Polkiss
9%
93 Thésée Dragonneau
9%
255 Adrian Pucey
8%
6 Alderton Sr.
8%
7 Arkie Alderton
8%
341 Corban Yaxley
8%
322 Fred Jr. Weasley
8%
135 Goyle Sr.
8%
166 Gwenog Jones
8%
329 Molly Jr. Weasley
8%
203 Walden Macnair
8%
205 Abraxas Malefoy
7%
18 Ali Bashir
7%
27 Amy Benson
7%
40 Arnold Bondupois
7%
19 Arsenius Beaulitron
7%
316 Arthur Wealsey
7%
38 Bletchley
7%
88 Delphi Diggory
7%
71 Doris Crockford
7%
158 Honoria
7%
179 Leanne
7%
200 Marlene McKinnon
7%
26 Modestie Bellebosse
7%
294 Pius Thicknesse
7%
63 Richie Coote
7%
3 Stewart Ackerley
7%
115 Arabella Dorine Figg
6%
11 Bertram Aubrey
6%
318 Bill Wealsey
6%
46 Bradley
6%
31 Cidrella Black
6%
5 Cornelius Aggripa
6%
125 Cornelius Oswald Fudge
6%
110 Everard
6%
211 Griselda Marchebank
6%
100 Honoria Dumbledore
6%
174 Igor Karkoroff
6%
39 Lucien Bole
6%
104 Majorie Dursley
6%
270 Scabior
6%
302 Travers
6%
175 Andrew Kirke
5%
206 Brutus Malefoy
5%
79 Caradoc Dearborn
5%
59 Chambers
5%
47 Eleanor Branstone
5%
215 Eloïse Midgen
5%
281 Jack Sloper
5%
233 Jimmy Peakes
5%
176 Jocob Kowalski
5%
45 Libatius Borage
5%
137 M. Granger
5%
37 Miles Bletchey
5%
112 Miranda Fauconnette
5%
21 Mosag
5%
138 Mrs. Granger
5%
162 Olive Hornby
5%
143 Percival Garves
5%
12 Phyllida Augirolle
5%
334 Septimus Weasley
5%
44 Terry Bones
5%
153 Arnold Guzman
4%
114 Benjy Fenwick
4%
182 Corvus Jr. Lestrange
4%
181 Corvus Sr. Lestrange
4%
218 Craig Montague
4%
123 Dexter Fortescue
4%
214 Dorcas Meadowes
4%
95 Dumarais
4%
54 Eddie Carmichael
4%
254 Eillen Prince
4%
61 Emeric G. Changé
4%
156 Eulalie Hicks
4%
111 Faucett
4%
126 Funestar
4%
293 Galatea Têtenjoy
4%
161 Geoffrey Hooper
4%
130 Gibbon
4%
13 Gnarlak
4%
148 Gunnar Grimmson
4%
21 Hebert Beery
4%
277 Kinglsey Shacklebolt
4%
48 Mandy Brocklehurst
4%
196 Mrs. Mason
4%
58 Owen Cauldwell
4%
83 Peregrin Derrick
4%
164 Quentin Jentremble
4%
157 Terence Higgs
4%
267 Thorfinn Rowle
4%
296 Tom le barman
4%
77 Tracey Davis
4%
108 Wilbert Eskivdur
4%
173 Yusuf Kama
4%
287 Alicia Spielman
3%
256 Augustus Pye
3%
220 Broderck Moroz
3%
315 Cassius Warrington
3%
113 Cubert Faussecreth
3%
258 Demelza Robiens
3%
124 Gilbert Fripemine
3%
155 Harper
3%
170 Jugson
3%
178 Lancelot
3%
171 Laurena Kama
3%
197 Mary McDonald
3%
195 M. Mason
3%
219 Moon
3%
222 Mulciber Jr.
3%
221 Mulciber Sr.
3%
172 Mustafa Kama
3%
264 Rosier Evan
3%
263 Rosier Sr.
3%
265 Rosier Vinda
3%
273 Selwyn
3%
159 Wayne Hopkins
3%
292 Ambrose Swott
2%
238 Apollon Picott
2%
271 Brutus Scrimgeour
2%
283 Hippocrate Smethwyck
2%
204 Laura Madley
2%
327 Mafalda Weasley
2%
288 Miriam Strout
2%
198 Nathalie McDonald
2%
286 Rudolph Spielman
2%
225 Theodore Jr. Nott
2%
224 Theodore Sr. Nott
2%
227 Tiberius Ogden
2%
304 Urquhart
2%
310 Verity
2%
312 Violette
2%
337 Wilkes
2%
240 Bernier Pillworth
1%
305 Cassandra Vablatsky
1%
338 Heliotrope Wilkins
1%
278 Henry Shaw
1%
336 Kennilworthy Whisp
1%
340 Nigel Wolpert
1%
239 Sépharine Picquery
1%
289 Stump Grogan
1%
290 Summerby
1%
291 Summers
1%
301 Torquil Travers
1%
309 Vindictus Veridian
1%
313 Vindictus Viridian
1%
339 Williamson
1%
Aucun quiz correspondant
Distribution des résultats
% des personnes avec chaque résultat
Percentile par nombre de réponses
Votre historique - résultats
Vous n’avez pas pris ce quiz